Music Quiz

Random Music or Clickable Quiz

30 Two-Word 'D' Musicians Match-Up Quiz Stats

 Plays Quiz Updated Jul 29, 2018

Score 0/30 Timer 05:00
13 Plays Today
% Correct
Destiny's
98.6%
Duran
98.5%
David
98.4%
Dolly
98.2%
Def
97.7%
Dire
96%
Deep
95.2%
Diana
95.1%
Duke
93%
Depeche
92.6%
Daft
92.5%
Dave
90.7%
Dusty
90.5%
Dead
86%
Dr.
81.1%
% Correct
Dixie
78.9%
Dashboard
78.7%
Drowning
78.1%
Drive-By
77.3%
Danger
75.8%
Dwight
75%
Damn
74.3%
Dweezil
71.1%
Dream
68.8%
Dropkick
67.2%
Digital
63.8%
Damien
62.5%
Dizzee
53%
Daniel
52.8%
Dinosaur
52.2%

You're not logged in!

Compare scores with friends on all Sporcle quizzes.
Join for Free
OR
Log In

You Might Also Like...

Show Comments

Extras

Top Quizzes Today


Score Distribution

Your Account Isn't Verified!

In order to create a playlist on Sporcle, you need to verify the email address you used during registration. Go to your Sporcle Settings to finish the process.

Report this User

Report this user for behavior that violates our Community Guidelines.

Details: